Περιφραγμένες κοινότητες και ιδιωτικές πόλεις στην εποχή της παγκοσμιοποίησης : μεταπτυχιακή διατριβή
Αποθηκεύτηκε σε:
| Κύριος συγγραφέας: | |
|---|---|
| Συγγραφή απο Οργανισμό/Αρχή: | |
| Άλλοι συγγραφείς: | |
| Μορφή: | Thesis Βιβλίο |
| Γλώσσα: | Greek |
| Δημοσίευση: |
2008
|
| Θέματα: | |
| Διαθέσιμο Online: | http://hdl.handle.net/11610/11265 |
| Ετικέτες: |
Προσθήκη ετικέτας
Δεν υπάρχουν, Καταχωρήστε ετικέτα πρώτοι!
|
MARC
| LEADER | 00000cam a2200000 i 4500 | ||
|---|---|---|---|
| 001 | 1/8863 | ||
| 008 | 100701s2008 gre d | ||
| 035 | |l 10108418 | ||
| 040 | |a GR-MY-UA |b gre |e aacr | ||
| 041 | 0 | |a gre | |
| 082 | 0 | |a 307.77 |2 (22) | |
| 100 | 1 | |a Ματζουράνη, Ραλλού. | |
| 245 | 1 | 0 | |a Περιφραγμένες κοινότητες και ιδιωτικές πόλεις στην εποχή της παγκοσμιοποίησης : |b μεταπτυχιακή διατριβή / |c Μαντζουράνη Ραλλού ; επιβλέπων: Ιωσηφίδης Θεόδωρος |
| 260 | |c 2008 | ||
| 300 | |a 115 σ.; |b εικ.; |c 30 εκ. | ||
| 500 | |a Βιβλιογραφία: σ. 72-77, παράρτημα | ||
| 502 | |a Διατριβή (μεταπτυχιακή) – Πανεπιστήμιο Αιγαίου, Λέσβος, 2008. | ||
| 650 | 0 | 0 | |a Gated communities. |
| 650 | 0 | 0 | |a Communities. |
| 650 | 0 | 0 | |a Cities and towns. |
| 650 | 0 | 0 | |a Globalization. |
| 650 | 0 | 0 | |a Sociology, Urban. |
| 650 | 0 | 0 | |a Dissertations, Academic |z Greece. |
| 700 | 1 | |a Ιωσηφίδης, Θεόδωρος. |4 ths | |
| 710 | 2 | |a Πανεπιστήμιο Αιγαίου |b Σχολή Κοινωνικών Επιστημών |b Τμήμα Γεωγραφίας |b Μεταπτυχιακό Πρόγραμμα Σπουδών Γεωγραφία και Εφαρμοσμένη Γεωπληροφορική. | |
| 852 | |a INST |b LESVOS |c DIATR |e 20100701 |h 31 |p 005100048322 |q 005100048322 |t MTXE |y 23 | ||
| 852 | |a INST |b LESVOS |c DIATR |e 20100701 |h 32 |p 005100048323 |q 005100048323 |t MTXE |y 23 | ||
| 856 | |u http://hdl.handle.net/11610/11265 | ||
| 901 | |a BIBL1-2010-2 | ||
| 909 | |a Λ |b 165034 | ||
| 909 | |a Λ |b 165033 | ||
| 924 | |a ΜΑΤΖΟΥΡΑΝΗ |b ΡΑΛΛΟΥ |y ΛΕΣΒΟΣ |z 2008-05 | ||
| 970 | |a ΤΖΑΦΕΡΗ |b ΕΥΑΓΓΕΛΙΑ |z 2010/07/01 | ||